Focus sur: Bregor - Tolkien - Statistiques

Statistiques générales
  • Ce quiz a été pris 3 fois
  • Le résultat moyen est 8 sur 15
Statistiques - réponses
Informations recherchées Réponses % Correct
Espèce Homme
100%
Première mention Le Silmarillion
100%
Couleur des cheveux Noir
100%
Maison (lignée) Peuple de {Bëor}
100%
Age durant lequel il vécut Premier
100%
Profession et titre Seigneur de la maison de Bëor
100%
Fils Barahir
67%
Andreth
33%
Père Boromir
33%
Bregil
33%
Contrée Dorthonion
33%
Soeurs Beril
0%
Bregolas
0%
Gilwen
0%
Filles Hirwen
0%
Aucun quiz correspondant
Distribution des résultats
% des personnes avec chaque résultat
Percentile par nombre de réponses
Votre historique - résultats
Vous n’avez pas pris ce quiz